000 00727nam a22002177a 4500
003 UA-OsUOA
001 67630
007 ta
008 20100304b un ||||| |||| 00| 0 ukr d
090 _a347.991(470+571):343
_bС23
942 _cBK
040 _aUA-OsUOA
_brus
_cUA-OsUOA
_dUA-OsUOA
245 _aСборник постановлений пленумов Верховного Суда Российской Федерации (СССР, РСФСР) по уголовным делам
300 _a608 с.
955 _a2
041 _arus
080 _a347.991(470+571):343
260 _aМ.
_bПроспект
_c2000
650 7 _a347 Цивільне право. Судовий устрій
_2UDC
999 _c353610
_d353610